000 003560000a22001450004500
003 MACL
040 _aMACL
090 _c33834
_d33832
100 _aNelson, Stephen L
245 _aOffice 2000 The Complete Reference
260 _bTata McGraw Hill Publishing Com Ltd
_c2000
350 _a495
650 _aComputer Programming
942 _cBOOK
_k005.369/NEL
999 _c33479
_d33479